000 00241nam a2200109Ia 4500
008 190216s9999||||xx |||||||||||||| ||und||
100 _aAlfred Hitchcock
245 0 _aSkelten Crew
260 _bA Dell Book
650 _aEnglish
942 _cBK
999 _c12819
_d12819